|
|
|
|
| LEADER |
00000nam2a2200000 4500 |
| 001 |
280944 |
| 005 |
20231101235344.0 |
| 020 |
|
|
|a RU
|b 86-97286
|
| 035 |
|
|
|a (RuTPU)RU\TPU\book\304526
|
| 035 |
|
|
|a RU\TPU\book\304524
|
| 090 |
|
|
|a 280944
|
| 100 |
|
|
|a 20150116d1986 k y0rusy5003 ca
|
| 101 |
0 |
|
|a rus
|
| 102 |
|
|
|a RU
|
| 105 |
|
|
|a y z 101zy
|
| 200 |
0 |
|
|a Т. 3
|
| 210 |
|
|
|d 1986
|
| 215 |
|
|
|a 401-539 с.
|
| 320 |
|
|
|a Алфавитный указатель авторов: с. 522-539
|
| 461 |
|
1 |
|0 (RuTPU)RU\TPU\book\196726
|t Химия и применение неводных растворов
|o тезисы докладов I всесоюзной конференции, 11-13 ноября 1986 г. , Иваново
|o [в 3 т.]
|f Академия наук СССР (АН СССР), Институт химии неводных растворов (ИХНР) ; Всесоюзное химическое общество им. Д. И. Менделеева (ВХО)
|v Т. 3
|d 1986
|
| 606 |
1 |
|
|a Неводные растворы
|2 stltpush
|3 (RuTPU)RU\TPU\subj\70691
|9 84896
|
| 610 |
1 |
|
|a галогениды висмута
|
| 610 |
1 |
|
|a комплексообразование
|
| 610 |
1 |
|
|a скелетный никель
|
| 610 |
1 |
|
|a обезводороживание
|
| 610 |
1 |
|
|a органические растворители
|
| 610 |
1 |
|
|a исследование
|
| 610 |
1 |
|
|a методы
|
| 610 |
1 |
|
|a методология
|
| 610 |
1 |
|
|a применение
|
| 610 |
1 |
|
|a целлюлоза
|
| 610 |
1 |
|
|a неоднородность
|
| 610 |
1 |
|
|a кожа
|
| 610 |
1 |
|
|a крашение
|
| 610 |
1 |
|
|a водные среды
|
| 610 |
1 |
|
|a конференции
|
| 675 |
|
|
|a 544.355(063)
|z rus
|v 4
|
| 801 |
|
0 |
|a RU
|b RuMRKP
|c 19950417
|g psbo
|
| 801 |
|
1 |
|a RU
|b 63413507
|c 20150116
|
| 801 |
|
2 |
|a RU
|b 63413507
|c 20170620
|g RCR
|
| 942 |
|
|
|c BK
|